All Dancers on Dance Moms - Statistics

General Stats
  • This quiz has been taken 117 times
  • The average score is 37 of 97
Answer Stats
Hint Answer % Correct
OG season 1-7 Nia Frazier
100%
MDP S7 ep 5, 22 Kenzie Clemens
99%
OG season 1-6 Mackenzie Ziegler
99%
OG season 1-6 Maddie Ziegler
99%
OG season 1-4 Brooke Hyland
97%
CADC Brooke S
97%
OG season 1-4; 7 Chloe Lukasiak
97%
Season 4 ep 6 Chloe Nguyen
97%
OG season 1-4 Paige Hyland
97%
"OG" season 2-7 Kendall Vertes
95%
CADC Mckenzie
91%
Mini team, season 7, season 8 Elliana Walmsley
81%
ALDC/CADC Vivi Anne Stein
78%
Season 5-7 Brynn Rumfallo
77%
Season 4-7 Kalani Hilliker
77%
Mini Team, season 7, season 8 Lilliana Ketchman
76%
Season 5-6 Jojo Siwa
74%
Season 3; Season 4 select team Ava Cota
66%
CADC Sarah
66%
Season 8 Sarah Georgiana
66%
ALDC/Select team Sarah Hunt
66%
Season 4 Select Team Sarah Reasons
66%
Season 3 ep 1-3 Sophia Lucia
66%
ALDC, various episodes from season 1-6 Payton Ackerman
65%
MDP S7 ep 5, 22 Payton Sullivan
65%
Mini Team Peyton Evans
65%
ALDC Season 3.5 Asia Ray
55%
Season 8 Brady Farrar
49%
Season 7 Camryn Bridges
49%
CADC Gino
49%
Season 8 Gianina Paolantonio
47%
Season 4 Select Team Tea Adamson
47%
MDP S7 ep 5, 22 Alex Gonzalez
46%
Mini Team Areana Lopez
46%
Season 4 Select Team Kamryn Beck
43%
Season 8 ep 8 Kamryn Smith
43%
Season 4 Select Team Jade Cloud
42%
Studio Bleu, DM A New Era Leilah Bell
39%
Season 7 Maesi Caes
38%
Mini Team Alexus Oladi
36%
ALDC season 2 episode 18 Nina Linhart
36%
Season 3 ep 1-3 Ally Serigne
35%
Studio Bleu, season 3 ep 2-3 Bella Hoffheins
35%
CADC Nick Daniels
35%
ALDC Nick Dobbs
35%
Mini Team Alysa Owen
34%
CADC Alyssa
34%
CADC Justice
34%
Studio Bleu, season 3 ep 2-3 Kaeli Ware
34%
Season 2 ep 24, season 3 (Candy Apples) Nicaya Wiley
34%
Season 8 Pressley Hosbach
34%
Season 8 Hannah Colin
32%
CADC Taylor
32%
ALDC Brandon Pent
27%
Mini Team Kendyl Fay
27%
S4 e 11 Fallon Chapman
26%
Studio Bleu, DM A New Era Lily Bolno
26%
CADC Jalen
24%
CADC Lennon/Zach
24%
Season 8 Savannah Kristich
24%
Season 7 ep 2-5 Davianna Fletcher
23%
MDP, various episodes Talia Seitel
22%
Season 8 (few episodes) Paris Moore
19%
S4 ep 28 Kaleigh Cavanaugh
18%
CADC Lucas
18%
CADC Gavin
16%
CADC Erika
15%
Studio Bleu, DM A New Era Gina Zhang
15%
CADC Hadley
15%
Season 7 ep 9 Jane Dickson
15%
Season 7 ep 26 Reagan Martin
15%
Studio Bleu, DM A New Era Smiley Plotcyzk
14%
Studio Bleu, DM A New Era Ashlan Scheide
12%
Studio Bleu, DM A New Era Mina Terry
12%
Studio Bleu, DM A New Era Audrey Brudner
11%
CADC Mari
11%
Studio Bleu, DM A New Era Bellatrix Castillo
8%
ALDC season 2 episode 18 Katherine Narasimhan
8%
MDP, various episodes from s5-7 Kayla Seitel
8%
ALDC senior Kevin
8%
CADC Season 3 ep 17-18 Victoria Miller
8%
ALDC season 2 episode 18 Auriel Welty
7%
Season 8 ep 13 Berkeleigh Hernandez
7%
ALDC Male Dancer Season 6 ep 23 Will
7%
ALDC Male Dancer Season 6 ep 23 Yadiel
7%
MDP S5 ep 24 Caylie Almada
4%
ALDC senior Elizabeth
4%
MDP, various episodes from s5-7 Elizabeth Rudisill
4%
ALDC senior Emily
4%
CADC Evan
4%
CADC Kerisa
4%
ALDC Male Dancer Season 6 ep 23 Simeon
4%
MDP, S5 ep 5, 15 Keara Nichols
3%
CADC Bryant
1%
CADC Drazen
1%
ALDC senior Elissa
1%
CADC Season 3 ep 14 Sammy Gonzalez
1%
No matching quizzes found
Score Distribution
Percent of People with Each Score
Percentile by Number Answered
Your Score History
You have not taken this quiz